01151nam a2200313Ia 4500001001200000003000800012006001900020007001500039008004100054010001700095020001800112020001800130040002100148035002100169050002300190100003100213245005800244260004900302300002400351440002400375504004100399533015200440600002300592650003300615655002900648710001700677856012600694999001700820ebr10621991CaPaEBRm u cr cn|||||||||101013s2010 nyua sb 000 0 eng d z 2010044088 z9781844848096 z9781780428772 aCaPaEBRcCaPaEBR a(OCoLC)82374223414aN8050b.R46 2010eb1 aRenan, Ernest,d1823-1892.10aChrist in arth[electronic resource] /cErnest Renan. aNew York :bParkstone International,cc2010. a255 p. :bcol. ill. 0aTemporis collection aIncludes bibliographical references. aElectronic reproduction.bPalo Alto, Calif. :cebrary,d2011.nAvailable via World Wide Web.nAccess may be limited to ebrary affiliated libraries.00aJesus ChristvArt. 0aChristian art and symbolism. 7aElectronic books.2local2 aebrary, Inc.40uhttp://site.ebrary.com/lib/rucke/Doc?id=10621991zAn electronic book accessible through the World Wide Web; click to view c56859d56859